Welcome to the Holygrace Academy Library

Please use search bar below to get started

KNOW YOUR APTITUDE (Record no. 748)

MARC details
000 -LEADER
fixed length control field 00384nam a22001337a 4500
082 ## - DEWEY DECIMAL CLASSIFICATION NUMBER
Classification number 510
Item number JAI/K
100 ## - MAIN ENTRY--AUTHOR NAME
Personal name J.K.JAIN, R.S.DHAUNI, B.B.BHATNAGAR
245 ## - TITLE STATEMENT
Title KNOW YOUR APTITUDE
Remainder of title FOR CLASS X
260 ## - PUBLICATION, DISTRIBUTION, ETC. (IMPRINT)
Place of publication DELHI
Name of publisher GOYAL BROTHERS PRAKASHAN
Year of publication 2010
300 ## - PHYSICAL DESCRIPTION
Number of Pages 144
520 ## - SUMMARY, ETC.
Summary, etc GENERAL APTITUDE TEST, SCHOLASTIC APTITUDE TEST
650 ## - SUBJECT ADDED ENTRY--TOPICAL TERM
Topical Term APTITUDE TEST FOR CLASS X
Geographic subdivision INDIA
942 ## - ADDED ENTRY ELEMENTS (KOHA)
Koha item type Books
Holdings
Withdrawn status Lost status Collection code Home library Current library Shelving location Date acquired Source of acquisition Cost, normal purchase price Full call number Accession Number Koha item type
    Reference Main Library Main Library SHELF-8 B CLASS X-MATHS 12/02/2011 purchase 110.00 510 JAI/K 05745 Books